01335nam a22001217a 4500008004100000100002400041245009700065260003100162300003200193520081300225650014401038773003101182221215b ||||| |||| 00| 0 eng d aHe, Qinghua et al  aThe dark side of environmental sustainability in projects: Unraveling greenwashing behaviors aProject Management Journal a53(4), Aug, 2022: p.349-366 aGreenwashing behaviors (GWBs) are positive environmental communications in combination with poor environmental performance. Using fraud triangle theory, this study investigated the effects of three types of factors (pressures, opportunities, and rationalizations) that shape contractor GWBs. Primary data from 586 respondents were analyzed using structural equation modeling (SEM) and fuzzy-set qualitative comparative analysis (fsQCA). The SEM results indicate positive effects for these factors with the exception of isomorphic pressures and reveal the mediating role of rationalization. The fsQCA results present three configurational models that trigger GWBs. Theoretical and managerial implications are provided that shed new light on facilitating environmental sustainability in projects.- Reproduced  aGreenwashing behaviors (GWBs), Fraud triangle theory, Structural equation modelling, Configuration analysis, Environmental sustainability  aProject Management Journal